[Event "SVK-ch U14"]
[Site "Tatralandia"]
[Date "2024.04.11"]
[Round "8"]
[White "Dvorak, Alfred"]
[Black "Dolnik, Michal"]
[Result "0-1"]
[WhiteElo "1721"]
[BlackElo "1752"]
[PlyCount "88"]
[EventDate "2024.04.05"]
[EventType "swiss"]
[EventRounds "9"]
[EventCountry "SVK"]
[SourceTitle "CB16_2024"]
[SourceDate "2024.04.17"]
[SourceVersion "1"]
[SourceVersionDate "2024.04.17"]
[SourceQuality "1"]

1. e4 e5 2. c4 Bc5 3. Nc3 Nc6 4. d3 Nf6 5. Be2 d6 6. f4 h6 7. a3 a5 8. Nf3 Bg4 9. h3 Bxf3 10. Bxf3 Qd7 11. Nd5 Nxd5 12. cxd5 Nd4 13. Be3 Qb5 14. 0-0 Nb3 15. Bxc5 Nxa1 16. Bxd6 cxd6 17. Qxa1 Qxd3 18. fxe5 Qd4+ 19. Kh1 Qxe5 20. Qb1 0-0 21. b4 b5 22. Rc1 axb4 23. Qxb4 Rfc8 24. Rc6 Rxc6 25. dxc6 Qc5 26. Qxc5 dxc5 27. Be2 b4 28. axb4 cxb4 29. Bc4 Rc8 30. Bd5 b3 31. Bxb3 Rxc6 32. Bd5 Rc3 33. Kh2 Kf8 34. h4 Ke7 35. g3 f6 36. Kh3 Kd6 37. Kg4 Ke5 38. Bb7 Re3 39. Kh5 Rxg3 40. Bc8 Kxe4 41. Bf5+ Kf4 42. Bc2 Ke5 43. Bf5 Rg5+ 44. hxg5 Kxf5 0-1

[Event "SVK-ch U14"]
[Site "Tatralandia"]
[Date "2024.04.07"]
[Round "3"]
[White "Kristof, Jan"]
[Black "Dvorak, Alfred"]
[Result "1/2-1/2"]
[WhiteElo "1465"]
[BlackElo "1721"]
[PlyCount "67"]
[EventDate "2024.04.05"]
[EventType "swiss"]
[EventRounds "9"]
[EventCountry "SVK"]
[SourceTitle "CB16_2024"]
[SourceDate "2024.04.17"]
[SourceVersion "1"]
[SourceVersionDate "2024.04.17"]
[SourceQuality "1"]

1. e4 e6 2. c4 d5 3. cxd5 exd5 4. Qa4+ c6 5. d3 dxe4 6. dxe4 Nf6 7. Nc3 Be6 8. Bg5 Be7 9. Rd1 Qb6 10. Nge2 Nbd7 11. Be3 Qb4 12. Qxb4 Bxb4 13. a3 Ba5 14. b4 Bb6 15. Nd4 Bg4 16. f3 Bh5 17. Be2 0-0 18. Kf2 Rfe8 19. Nf5 Bxe3+ 20. Kxe3 Nb6 21. Nd6 Re7 22. Rd2 Ne8 23. Rhd1 Nxd6 24. Rxd6 f6 25. Rd8+ Rxd8 26. Rxd8+ Kf7 27. a4 Re8 28. Rxe8 Kxe8 29. a5 Nd7 30. f4 Bxe2 31. Kxe2 Ke7 32. Kd3 Kd6 33. Kd4 Nf8 34. Ne2 1/2-1/2

[Event "SVK-ch U14"]
[Site "Dudince"]
[Date "2023.04.23"]
[Round "9"]
[White "Dvorak, Alfred"]
[Black "Kluska, Lukas"]
[Result "1/2-1/2"]
[WhiteElo "1413"]
[BlackElo "1287"]
[PlyCount "152"]
[EventDate "2023.04.16"]
[EventType "swiss"]
[EventRounds "9"]
[EventCountry "SVK"]
[SourceTitle "CBM 213 Extra"]
[Source "ChessBase"]
[SourceDate "2023.05.31"]
[SourceVersion "1"]
[SourceVersionDate "2023.05.31"]
[SourceQuality "1"]

1. b3 e5 2. Bb2 Nc6 3. e3 d5 4. Bb5 Bd6 5. Nf3 e4 6. Bxg7 exf3 7. gxf3 Nge7 8. Bxh8 Be6 9. Bb2 Qd7 10. Bxc6 Nxc6 11. d3 0-0-0 12. Qe2 Rg8 13. Nd2 Nb4 14. Nf1 Qc6 15. c3 Na6 16. 0-0-0 Nc5 17. Kb1 Nd7 18. e4 b6 19. Ne3 dxe4 20. fxe4 Ne5 21. Qc2 Nf3 22. d4 Qe8 23. Qe2 Ng5 24. h4 Nxe4 25. Nc2 Bg4 26. Qa6+ Kb8 27. Rde1 Bf4 28. Ne3 Bf3 29. Rh3 Nd2+ 30. Kc1 Bb7 31. Qd3 Nf3 32. Rxf3 Bxf3 33. Qxh7 Be4 34. Qh5 Qe6 35. Qe2 Qh3 36. Ba3 Qxh4 37. Kb2 Bxe3 38. Qxe3 Bb7 39. c4 Qg5 40. Qxg5 Rxg5 41. Re7 Rf5 42. Re2 Ba6 43. Rd2 Bc8 44. d5 Kb7 45. c5 bxc5 46. Bxc5 c6 47. dxc6+ Ka6 48. Be3 Rf6 49. c7 Kb7 50. Rc2 a6 51. b4 Rc6 52. Rxc6 Kxc6 53. Bd4 Kb5 54. Kb3 Be6+ 55. Ka3 Bd7 56. Kb3 Be6+ 57. Ka3 Bd7 58. Be5 Be6 59. Kb2 a5 60. a3 Kc6 61. Bf4 a4 62. Kc3 Kd5 63. Be3 Kc6 64. Kd4 Kxc7 65. Kc5 Bd7 66. b5 Be6 67. Kb4 Bb3 68. b6+ Kc6 69. Ka5 Kb7 70. Kb5 Bc2 71. f4 Bb3 72. f5 Bc2 73. f6 Bb3 74. Kc5 Bc2 75. Kd6 Bb3 76. Ke7 Ba2 1/2-1/2

[Event "SVK-ch U14"]
[Site "Dudince"]
[Date "2023.04.20"]
[Round "6"]
[White "Dvorak, Alfred"]
[Black "Dolnik, Michal"]
[Result "1/2-1/2"]
[WhiteElo "1413"]
[BlackElo "1548"]
[PlyCount "115"]
[EventDate "2023.04.16"]
[EventType "swiss"]
[EventRounds "9"]
[EventCountry "SVK"]
[SourceTitle "CBM 213 Extra"]
[Source "ChessBase"]
[SourceDate "2023.05.31"]
[SourceVersion "1"]
[SourceVersionDate "2023.05.31"]
[SourceQuality "1"]

1. e3 d5 2. Nf3 Nf6 3. c4 Nc6 4. d4 Bf5 5. Nc3 e6 6. a3 Be7 7. Bd3 Bxd3 8. Qxd3 dxc4 9. Qxc4 a6 10. 0-0 0-0 11. Rd1 Qd7 12. Ne5 Qd6 13. Nxc6 Qxc6 14. Qxc6 bxc6 15. b4 Nd5 16. Na4 a5 17. e4 axb4 18. exd5 Rxa4 19. dxe6 fxe6 20. Re1 bxa3 21. Rxe6 Bf6 22. Rxa3 Rxd4 23. Re1 Rfd8 24. Kf1 Rd1 25. Ke2 R1d5 26. f3 Bb2 27. Ra6 Re8+ 28. Be3 Rde5 29. Kf2 Rxe3 30. Rxe3 Bd4 31. Raa3 Rxe3 32. Rxe3 Kf7 33. Ke2 Bxe3 34. Kxe3 Ke6 35. Ke4 c5 36. f4 c4 37. g4 c5 38. f5+ Kf6 39. h4 h6 40. Kf4 c3 41. g5+ hxg5+ 42. hxg5+ Ke7 43. Ke3 c4 44. Ke2 Kd6 45. f6 gxf6 46. gxf6 Ke6 47. f7 Kxf7 48. Kd1 Ke6 49. Kc2 Ke5 50. Kxc3 Kd5 51. Kc2 Kd4 52. Kd2 c3+ 53. Kc2 Kc4 54. Kc1 Kb3 55. Kb1 Kb4 56. Kc2 Kc4 57. Kc1 c2 58. Kxc2 1/2-1/2